Pennies / (Record no. 4046)

MARC details
000 -LEADER
fixed length control field 01471nam a22002897a 4500
001 - CONTROL NUMBER
control field 4046
003 - CONTROL NUMBER IDENTIFIER
control field FISKH
005 - DATE AND TIME OF LATEST TRANSACTION
control field 20250821131541.0
008 - FIXED-LENGTH DATA ELEMENTS--GENERAL INFORMATION
fixed length control field 240603b cb ||||| |||| 00| 0 eng d
020 ## - INTERNATIONAL STANDARD BOOK NUMBER
International Standard Book Number 9780516248912
040 ## - CATALOGING SOURCE
Original cataloging agency FISKH
Language of cataloging eng
Transcribing agency FISKH
Modifying agency FISKH
050 ## - LIBRARY OF CONGRESS CALL NUMBER
Classification number CJ1836.P46
082 ## - DEWEY DECIMAL CLASSIFICATION NUMBER
Classification number 737.4973
100 ## - MAIN ENTRY--PERSONAL NAME
Personal name Hill, Mary
Relator term author
245 ## - TITLE STATEMENT
Title Pennies /
Statement of responsibility, etc. by Mary Hill
250 ## - EDITION STATEMENT
Edition statement First Scholastic printing , Febraurary 2005
260 ## - PUBLICATION, DISTRIBUTION, ETC.
Place of publication, distribution, etc. New York :
Name of publisher, distributor, etc. Scholastic ;
Date of publication, distribution, etc. 2005
300 ## - PHYSICAL DESCRIPTION
Extent 24 pages :
Other physical details color illustrations ;
Dimensions 16 cm .
490 ## - SERIES STATEMENT
Series statement Welcome Books
505 ## - FORMATTED CONTENTS NOTE
Formatted contents note G <br/>
520 ## - SUMMARY, ETC.
Summary, etc. Describes what pennies are made of, how much they are worth, and what people do with them. The Money Matters emergent reader series introduces children to the basics of money. The spreads link text to images and discuss the meanings of the symbols on each coin and bill, and how people earn, save, and spend money. Includes glossary with pronunciation guide and an index. Also includes To Find Out More section that lists additional reading materials and websites that will encourage readers to learn more about money and beginning finance. This Welcome Book introduces readers to the penny. Learn what pennies are made of, what each symbol on the front and back means, and how many pennies make a dollar.
521 8# - TARGET AUDIENCE NOTE
Target audience note 400 <br/>
Source Lexile <br/>
521 8# - TARGET AUDIENCE NOTE
Target audience note G <br/>
Source Raz-Plus <br/>
650 ## - SUBJECT ADDED ENTRY--TOPICAL TERM
Topical term or geographic name entry element Money
Form subdivision Non-Fiction
942 ## - ADDED ENTRY ELEMENTS (KOHA)
Source of classification or shelving scheme Dewey Decimal Classification
Koha item type Books
Suppress in OPAC No
Holdings
Withdrawn status Lost status Source of classification or shelving scheme Damaged status Not for loan Collection Home library Current library Shelving location Date acquired Total Checkouts Full call number Barcode Date last seen Date last checked out Price effective from Koha item type Copy number
    Dewey Decimal Classification     Non-Fiction Footprints International School Library Network Toul Tom Poung Campus Footprints International School Library Network Toul Tom Poung Campus TTP Primary Dark Blue Bookshelves 06/03/2024 1 HILL 737.4973 CJ1836.P46 FISBK02148 05/21/2025 05/16/2025 06/03/2024 Books  
    Dewey Decimal Classification     Non-Fiction Footprints International School Library Network Toul Tom Poung Campus Footprints International School Library Network Toul Tom Poung Campus TTP Primary Dark Blue Bookshelves 08/21/2025   HILL 737.4973 CJ1836.P46 FISBK02147 08/21/2025   08/21/2025 Books 2